| 000 | 00646nam a2200217 i 4500 | ||
|---|---|---|---|
| 001 | 8361 | ||
| 003 | ES-MaACL | ||
| 005 | 20260525062923.0 | ||
| 007 | t| | ||
| 008 | 920506s1974 sp |||| | spa d | ||
| 020 | _a84-239-1554-9 | ||
| 080 | _a821.134.2-31"19" | ||
| 100 | 1 |
_aFernández Castro, José. _949568 |
|
| 245 | 1 | 3 |
_aLa tierra lo esperaba / _cJosé Fernández Castro. |
| 260 |
_aMadrid : _bEspasa-Calpe, _cD.L. 1974. |
||
| 300 |
_a278 p. ; _c18 cm. |
||
| 490 | 1 |
_aColección austral ; _v1554 |
|
| 830 | 0 |
_aColección austral _v1554 _9177655 |
|
| 852 |
_aES-MaACL _jL-15620 _z. - Dedicatoria autógrafa del autor |
||
| 999 |
_c8361 _d8361 |
||